000 00958na a2200301 4500
001 22602
003 MIRAKIL
005 20181213155305.0
008 170220b tu 000 0
035 _a22602
040 _aMilas
_btur
_cTR-AnCHP
041 _atur
082 _aATA 956.1023092
_bK61a 2010
090 _aATA 956.1023092 K61a 2010
100 _aKocahanoğlu, Osman Selim
245 _aAtatürk'ün üç muhalifi
_b[önsöz ve içindekiler bölümü]
_cOsman Selim Kocahanoğlu
260 _aİstanbul
_bTemel
_c2010
300 _a16 s.
_c20 sm.
440 _aTemel yayınları
_v166
490 _aTarih dizisi
_v58
505 _ac.1. Kazım Karabekir
600 _aAtatürk, Mustafa Kemal
_d1881-1938
600 _aKarabekir, Kazım
_d1882-1948
650 _aSiyasetçiler
_xYaşamöyküsü
_zTürkiye
651 _aTürkiye
_xSiyasal tarih
_y20. yüzyıl
651 _aTürkiye
_xSiyaset ve yönetim
_y20. yüzyıl
942 _2dcc
_cBKS
999 _c10038
_d10038